00000000nas 2200000za 4500
0019.500622
003CaOODSP
00520221107132906
007cr |||||||||||
008150406d19661996oncar p o    f0   b0fre|d
022 |a1704-622X
040 |aCaOODSP|bfre
041 |aeng|afre
043 |an-cn---
0861 |aMP22-1-PDF
1300 |aImmigration statistics (Ottawa, Ont. : En ligne)
222 0|aImmigration statistics |b(Ottawa. Online)
24510|aImmigration statistics |h[ressource électronique] = |bImmigration, statistiques.
24611|aImmigration, statistiques
24613|aStatistiques sur la citoyenneté et l'immigration|f1988-1996
24613|aCitizenship and immigration statistics
260 |aOttawa : |bManpower and Immigration = Main-d'œuvre et immigration.
310 |aAnnuel
3620 |a1966-1999
500 |aL'ISSN (0576-2286) pour l'édition imprimée bilingue a été copié dans certaines fascicules.
546 |aTexte en anglais et en français.
550 |aPubl. 1977-1992 par Emploi et immigration Canada; 1993-1996 par Citoyenneté et immigration Canada.
7101 |aCanada. |bCitoyenneté et immigration Canada.
7101 |aCanada. |bMain-d'oeuvre et immigration.
7101 |aCanada.|bEmploi et immigration Canada (Commission)
791 |tImmigration statistics |eeng|w(CaOODSP)9.500621